000 01312cam a2200145 4500500
005 20260405065455.0
041 _afre
042 _adc
100 1 0 _aPinçon, Michel
_eauthor
700 1 0 _aPinçon-Charlot, Monique
_eauthor
245 0 0 _aVoyage en grande bourgeoisie : Journal d'enquête
260 _bPresses Universitaires de France,
_c2005.
520 _aComment vivent les familles fortunées ou moins fortunées de ce que l’on appelle la grande bourgeoisie et l’aristocratie française ? Quels sont leurs réseaux de relations, leurs codes de reconnaissance et d’appartenance à ce milieu social ? L’originalité de l’ouvrage tient aux dix années d’enquêtes et d’entretiens dans cet «espace social». C’est aussi une analyse du regard que ces familles portent sur elles-mêmes à travers les divers articles qu’elles suscitent dans les médias. Les auteurs expliquent la pratique des entretiens, l’observation, et l’écriture de cette enquête exemplaire qui est régulièrement rééditée depuis sa première édition en 1997 dans la collection Sciences sociales et sociétés. Cette deuxième édition Quadrige est mise à jour.
856 4 1 _uhttps://shs.cairn.info/voyage-en-grande-bourgeoisie--9782130554202?lang=fr&redirect-ssocas=7080
999 _c2196179
_d2196179